00343nam a2200133Ia 4500008004100000100001800041245004600059250001100105260005000116300000800166650001300174942000700187999001500194190216s9999||||xx |||||||||||||| ||und|| aMachiraju H R 0aInternational Financial Markets And India a2nd ed bTata Mcgraw Hill Publishing Company Ltdc2002 a319 aCommerce cBK c6196d6196